|
|
|
|
| LEADER |
00654nam a22001697a 4500 |
| 008 |
160929b xxu||||| |||| 00| 0 mal d |
| 020 |
|
|
|a 9788182648753
|c INR
|
| 082 |
|
|
|a 954.038
|
| 100 |
|
|
|a Brahmadathan Namboodirippad, Mozhikunnathu
|
| 245 |
|
|
|a Khilafath smaranakal /
|c Mozhikunnathu Brahmadathan Namboodirippad,
|
| 260 |
|
|
|a Kozhikode :
|b Mathrubhumi Books,
|c 2010.
|
| 300 |
|
|
|a 176 p. ;
|
| 650 |
|
|
|a Autobiography
|v History
|z Kerala
|
| 942 |
|
|
|c BK
|
| 546 |
|
|
|a In malayalam
|
| 999 |
|
|
|c 286375
|d 286375
|
| 952 |
|
|
|0 0
|1 0
|4 0
|6 954_038000000000000_BRA_K
|7 0
|9 325098
|a FLK
|b FLK
|c ST1
|d 2016-09-29
|e BK
|g 100.00
|i 4179
|l 0
|o 954.038 BRA/K
|p FLK4179
|r 2016-09-29
|w 2016-09-29
|y BK
|